| 000 | 00820nam a2200241 a 4500 | ||
|---|---|---|---|
| 999 |
_c6350 _d6350 |
||
| 001 | 6350 | ||
| 003 | BD-JhCC | ||
| 005 | 20180121193350.0 | ||
| 008 | 180121s19661982b |||| || | 000 0 b d | ||
| 035 | _a(BD-JhCC)6350 | ||
| 040 |
_aBD-JhCC _dBD-JhCC |
||
| 041 | _aeng | ||
| 082 |
_a297.18 _bMOM 1982 |
||
| 100 | _aমোমতাজী, মুহাম্মদ সেকেন্দার | ||
| 245 |
_aমনসূর হাল্লাজ (রঃ) / _cমুহাম্মদ সেকেন্দার মোমতাজী, |
||
| 250 | _a2nd ed. | ||
| 260 |
_aঢাকা : _bইসলামিক ফাউন্ডেশন বাংলাদেশ, _c1982. |
||
| 300 |
_a104 p. : _c22 cm. |
||
| 504 | _aIncludes Index and Bibliography | ||
| 650 | _aMuslim Legend | ||
| 942 |
_2ddc _cBK |
||